000 00629cam a22002173a 4500
001 38504
003 PGUSA
005 20140828083841.0
008 120106s2012||||xxu|||||s|||||000 | eng d
040 _aPGUSA
_beng
042 _adc
100 1 _aByron, May Clarissa Gillington,
_d-1936
245 1 0 _aRobin's Rambles
_h[electronic resource] /
_cMay Clarissa Gillington Byron
260 _bProject Gutenberg,
_c2012
506 _aPublic domain in the USA.
516 _aElectronic text
700 1 _aMuckley, A. Fairfax
830 0 _aProject Gutenberg
_v38504
856 4 0 _uhttp://www.gutenberg.org/ebooks/38504
942 _cEB
999 _c267758
_d267758